Multiculturalism and diversity : a social psychological perspective (Record no. 15958)

MARC details
000 -LEADER
fixed length control field 00715nam a2200229Ia 4500
008 - FIXED-LENGTH DATA ELEMENTS--GENERAL INFORMATION
fixed length control field 191130s2010##################000#0#eng##
020 ## - INTERNATIONAL STANDARD BOOK NUMBER
International Standard Book Number 9781405190657
022 ## - INTERNATIONAL STANDARD SERIAL NUMBER
International Standard Serial Number 2009008379
040 ## - CATALOGING SOURCE
Original cataloging agency ACL
Transcribing agency ACL
082 ## - DEWEY DECIMAL CLASSIFICATION NUMBER
Classification number 305.8 LOT
100 ## - MAIN ENTRY--PERSONAL NAME
Personal name Lott, Bernice E
245 ## - TITLE STATEMENT
Title Multiculturalism and diversity : a social psychological perspective
Statement of responsibility, etc. Bernice Lott
260 ## - PUBLICATION, DISTRIBUTION, ETC.
Place of publication, distribution, etc. Hoboken, NJ
Name of publisher, distributor, etc. Wiley-Blackwell
Date of publication, distribution, etc. 2010
300 ## - PHYSICAL DESCRIPTION
Extent 184 p. ; 24 cm
500 ## - GENERAL NOTE
General note Includes bibliographical references (p. [4128]-163) and indexes
650 ## - SUBJECT ADDED ENTRY--TOPICAL TERM
Topical term or geographic name entry element Ethnopsychology
Topical term or geographic name entry element Multiculturalism
Topical term or geographic name entry element Stereotypes (Social psychology)
990 ## - EQUIVALENCES OR CROSS-REFERENCES [LOCAL, CANADA]
Link information for 9XX fields 0ac93620ac10000c250951d06370ffef
991 ## -
-- 18004
Holdings
Withdrawn status Lost status Damaged status Not for loan Home library Current library Shelving location Date acquired Total Checkouts Full call number Barcode Date last seen Price effective from Koha item type
        Anna Centenary Library Anna Centenary Library 3RD FLOOR, B WING 09.10.2020   305.8 LOT 130626 09.10.2020 09.10.2020 English Books

Find us on the map